| 000 | 00487nam a22001697a 4500 | ||
|---|---|---|---|
| 003 | BD-ChCU | ||
| 005 | 20251208122306.0 | ||
| 008 | 251208b bg ||||| |||| 00| 0 ben d | ||
| 040 | _cBD-ChCU | ||
| 082 | _a510 STP | ||
| 100 |
_aSteinbach , Robert C. _917678 |
||
| 245 |
_aProgramming exercises for problem - oriented languages./ _cRobert C. Steinbach. |
||
| 260 |
_aLondon : _bGlencoe press , _cC 1969 |
||
| 300 | _axi ,114p | ||
| 650 | 0 |
_aMathematics . _917682 |
|
| 942 |
_2ddc _cBK _n0 |
||
| 999 |
_c110227 _d110227 |
||